Karma kaumudi/ (Record no. 22989)

000 -LEADER
fixed length control field 00330nam a22001451a 4500
020 ## - INTERNATIONAL STANDARD BOOK NUMBER
ISBN 9788170815433
082 ## - DEWEY DECIMAL CLASSIFICATION NUMBER
Classification number S 294.5
Item number BRI/K
100 ## - MAIN ENTRY--AUTHOR NAME
Personal name Brijakumar Shukla
245 ## - TITLE STATEMENT
Title Karma kaumudi/
Statement of responsibility, etc by Brijakumar Shukla
260 ## - PUBLICATION, DISTRIBUTION, ETC. (IMPRINT)
Place of publication Delhi:
Name of publisher Nag,
Year of publication 2002.
300 ## - PHYSICAL DESCRIPTION
Number of Pages 211p.
650 ## - SUBJECT ADDED ENTRY--TOPICAL TERM
Topical Term Hinduism
650 ## - SUBJECT ADDED ENTRY--TOPICAL TERM
Topical Term Religion
942 ## - ADDED ENTRY ELEMENTS (KOHA)
Koha item type Book
Holdings
Withdrawn status Lost status Damaged status Not for loan Permanent Location Current Location Date acquired Cost, normal purchase price Full call number Accession Number Cost, replacement price Price effective from Koha item type
        Sree Sankaracharya University of Sanskrit Sree Sankaracharya University of Sanskrit 08.01.2015 67.00 S 294.5 BRI/K 030378 0.00 08.01.2015 Book